ARRUPE JESUIT UNIVERSITY

CORONAVIRUS -STOP THE SPREAD - CLEAN,DISINFECT,COVER

Hot, flat, and crowded : (Record no. 119831)

MARC details
000 -LEADER
fixed length control field 01898cam a2200445 a 4500
001 - CONTROL NUMBER
control field 15318247
003 - CONTROL NUMBER IDENTIFIER
control field ARRUPE
005 - DATE AND TIME OF LATEST TRANSACTION
control field 20141109020005.0
008 - FIXED-LENGTH DATA ELEMENTS--GENERAL INFORMATION
fixed length control field 080605s2008 nyua 001 0 eng d
010 ## - LIBRARY OF CONGRESS CONTROL NUMBER
LC control number 2008930589
020 ## - INTERNATIONAL STANDARD BOOK NUMBER
International Standard Book Number 9780374166854
020 ## - INTERNATIONAL STANDARD BOOK NUMBER
International Standard Book Number 0374166854
035 ## - SYSTEM CONTROL NUMBER
System control number (OCoLC)ocn259283763
040 ## - CATALOGING SOURCE
Original cataloging agency MNJ
Transcribing agency MNJ
Modifying agency DLC
042 ## - AUTHENTICATION CODE
Authentication code lccopycat
043 ## - GEOGRAPHIC AREA CODE
Geographic area code n-us---
050 00 - LIBRARY OF CONGRESS CALL NUMBER
Classification number GE197
Item number .F75 2008b
082 00 - DEWEY DECIMAL CLASSIFICATION NUMBER
Classification number 320.5/8
Edition number 22
300 ## - PHYSICAL DESCRIPTION
Other physical details ill. ;
Dimensions 22 cm.
100 1# - MAIN ENTRY--PERSONAL NAME
Personal name Friedman, Thomas L.
9 (RLIN) 7533
245 10 - TITLE STATEMENT
Title Hot, flat, and crowded :
Remainder of title why we need a green revolution, and how it can renew America /
Statement of responsibility, etc Thomas L. Friedman.
250 ## - EDITION STATEMENT
Edition statement 1st ed.
260 ## - PUBLICATION, DISTRIBUTION, ETC. (IMPRINT)
Place of publication, distribution, etc New York :
Name of publisher, distributor, etc Farrar, Straus and Giroux,
Date of publication, distribution, etc 2008.
300 ## - PHYSICAL DESCRIPTION
Extent 438 p. :
500 ## - GENERAL NOTE
General note Includes index.
520 ## - SUMMARY, ETC.
Summary, etc Examines America's loss of focus and national purpose since 9/11, and the global environmental crisis, and shows how the solutions to these two problems are linked.
650 #0 - SUBJECT ADDED ENTRY--TOPICAL TERM
Topical term or geographic name as entry element Green movement
Geographic subdivision United States.
9 (RLIN) 7534
650 #0 - SUBJECT ADDED ENTRY--TOPICAL TERM
Topical term or geographic name as entry element Green technology
Geographic subdivision United States.
9 (RLIN) 7535
650 #0 - SUBJECT ADDED ENTRY--TOPICAL TERM
Topical term or geographic name as entry element Climatic changes.
9 (RLIN) 7536
650 #0 - SUBJECT ADDED ENTRY--TOPICAL TERM
Topical term or geographic name as entry element Power resources
General subdivision Environmental aspects.
9 (RLIN) 7537
650 #0 - SUBJECT ADDED ENTRY--TOPICAL TERM
Topical term or geographic name as entry element Environmental policy
Geographic subdivision United States.
9 (RLIN) 7538
650 #0 - SUBJECT ADDED ENTRY--TOPICAL TERM
Topical term or geographic name as entry element Energy policy
Geographic subdivision United States.
9 (RLIN) 7539
651 #0 - SUBJECT ADDED ENTRY--GEOGRAPHIC NAME
Geographic name United States
General subdivision Environmental conditions.
9 (RLIN) 7540
651 #0 - SUBJECT ADDED ENTRY--GEOGRAPHIC NAME
Geographic name United States
General subdivision Social conditions
Chronological subdivision 1980-
9 (RLIN) 7541
856 42 - ELECTRONIC LOCATION AND ACCESS
Materials specified Contributor biographical information
Uniform Resource Identifier <a href="http://www.loc.gov/catdir/enhancements/fy0904/2008930589-b.html">http://www.loc.gov/catdir/enhancements/fy0904/2008930589-b.html</a>
856 42 - ELECTRONIC LOCATION AND ACCESS
Materials specified Publisher description
Uniform Resource Identifier <a href="http://www.loc.gov/catdir/enhancements/fy0904/2008930589-d.html">http://www.loc.gov/catdir/enhancements/fy0904/2008930589-d.html</a>
856 41 - ELECTRONIC LOCATION AND ACCESS
Materials specified Sample text
Uniform Resource Identifier <a href="http://www.loc.gov/catdir/enhancements/fy0904/2008930589-s.html">http://www.loc.gov/catdir/enhancements/fy0904/2008930589-s.html</a>
906 ## - LOCAL DATA ELEMENT F, LDF (RLIN)
a 7
b cbc
c copycat
d 2
e ncip
f 20
g y-gencatlg
942 ## - ADDED ENTRY ELEMENTS (KOHA)
Source of classification or shelving scheme Library of Congress Classification
Koha item type Monograph ( Printed materials)
Koha issues (borrowed), all copies 2
Holdings
Withdrawn status Lost status Source of classification or shelving scheme Damaged status Not for loan Collection code Home library Current library Shelving location Date acquired Total Checkouts Full call number Barcode Date last seen Date checked out Price effective from Koha item type
    Library of Congress Classification     Main Collection ARRUPE LIBRARY ARRUPE LIBRARY Main Collection 31/01/2014 2 GE197 .F75 2008b 46412021 09/04/2018 08/11/2014 31/01/2014 Monograph ( Printed materials)

 

Arrupe Library. PO Box MP320 Mt Pleasant, Harare, Zimbabwe
263 242 745411|librarian@aju.ac.zw